|
|
|
|
| LEADER |
00000nam0a2200000 4500 |
| 001 |
289512 |
| 005 |
20231102000208.0 |
| 020 |
|
|
|a RU
|b 83-47258
|
| 035 |
|
|
|a (RuTPU)RU\TPU\book\314019
|
| 090 |
|
|
|a 289512
|
| 100 |
|
|
|a 20150401d1983 km y0rusy5003 ca
|
| 101 |
0 |
|
|a rus
|
| 102 |
|
|
|a RU
|
| 105 |
|
|
|a a z 001zy
|
| 200 |
1 |
|
|a Пружинно-гидравлическая зажимная оснастка для металлорежущих станков
|f под ред. Л. М. Мышлевского
|
| 210 |
|
|
|a Москва
|c Машиностроение
|d 1983
|
| 215 |
|
|
|a 149 с.
|c ил.
|d 22 см
|
| 320 |
|
|
|a Библиогр.: с. 147-148
|
| 606 |
1 |
|
|a Металлорежущие станки
|x Приспособления зажимные универсальные
|2 stltpush
|3 (RuTPU)RU\TPU\subj\42639
|9 62298
|
| 610 |
1 |
|
|a зажимные механизмы
|
| 610 |
1 |
|
|a пружинно-гидравлическая оснастка
|
| 610 |
1 |
|
|a расчет
|
| 610 |
1 |
|
|a конструирование
|
| 610 |
1 |
|
|a насосы
|
| 610 |
1 |
|
|a гидростанции
|
| 610 |
1 |
|
|a изготовление
|
| 610 |
1 |
|
|a испытание
|
| 610 |
1 |
|
|a монтаж
|
| 610 |
1 |
|
|a эксплуатация
|
| 675 |
|
|
|a 621.9.06-229.3-182.7
|z rus
|v 3
|
| 702 |
|
1 |
|a Мышлевский
|b Л. М.
|g Леонид Маркович
|4 340
|
| 801 |
|
0 |
|a RU
|b RuMRKP
|c 19950704
|g psbo
|
| 801 |
|
1 |
|a RU
|b 63413507
|c 20150401
|
| 801 |
|
2 |
|a RU
|b 63413507
|c 20211202
|g RCR
|
| 942 |
|
|
|c BK
|